000 00766nam a2200253 a 4500
008 951213s1977||||[C 0 slo c
020 _c40 Kčs.
_q(36000 výtl.)
040 _aSNK
_bslo
_cSNK
_eAACR2
041 1 _aslo
_heng
044 _axo
_cSK
080 _a820-3
100 1 _aMurdoch, Iris
_4aut
245 1 0 _aČierny princ
_cIris Murdoch ; Jarmila Samcová, Miloš Urbásek, Jozef Gális, William Shakespeare
250 _a1., vyd.
260 _aBratislava
_bSmena
_c1977
_eBratislava
_fPravda
300 _a375 s., 27,28 AH
_c21 cm
490 0 _aEva
_vZv. 53.
500 _aPozn.
700 1 _aSamcová, Jarmila
_4trl
700 1 _aUrbásek, Miloš
_4bkd
700 1 _aGális, Jozef
_4bkd
700 1 _aShakespeare, William
_d1564-1616
_4oth
958 _aA
999 _c12254
_d12254